000 01601cam a2200193 4500500
005 20251228095053.0
041 _afre
042 _adc
100 1 0 _aLevinas, Michaël
_eauthor
700 1 0 _aLévi, Florence
_eauthor
245 0 0 _aEntendre et voir de l’opéra dans La Métamorphose de Kafka
260 _c2018.
500 _a44
520 _aLe compositeur Michaël Levinas livre ici sa lecture de La Métamorphose de Kafka dont il a fait un opéra – créé à Lille en 2011 –, en centrant l’entretien sur le phénomène de la métamorphose de la voix et de son lien avec le timbre instrumental, le trouble identitaire du personnage de théâtre, ainsi que sur la structure temporelle et formelle de cet opéra.
520 _aComposer Michaël Levinas presents his reading of Kafka’s Metamorphosis, which he turned into an opera created in Lille in 2011. The interview is centered on the metamorphosis of the voice and its relation to the timbre of the instruments, on the character’s identity disorder, and on this opera’s formal and temporal structure.
520 _aO compositor Michaël Levinas oferece-nos aqui a sua leitura da Metamorfose de Kafka que transformou numa ópera criada em Lille em 2011. A entrevista centra-se sobre o fenómeno da metamorfose da voz na sua relação com o timbre instrumental, a perturbação identitária da personagem teatral e a estrutura temporal e formal desta ópera.
786 0 _nSigila | 42 | 2 | 2018-10-01 | p. 53-62 | 1286-1715
856 4 1 _uhttps://shs.cairn.info/revue-sigila-2018-2-page-53?lang=fr&redirect-ssocas=7080
999 _c1605480
_d1605480